| 000 | 00466cam a2200193ua 4500 | ||
|---|---|---|---|
| 041 |
_aeng _h |
||
| 082 |
_a828.09 _bCOG/PO |
||
| 100 | _aCoghill, Nevill . | ||
| 245 |
_aPoet chaucer / _cNevill Coghill. _hTextual Documents |
||
| 250 |
_a1 / _b. |
||
| 260 |
_aLondon : _bOxford University Press , _c1964. |
||
| 300 | _a191 ; . | ||
| 440 | 0 |
_aOpus, _v23 _x; |
|
| 490 | 0 |
_aOpus, _v23 _x; |
|
| 504 | _a | ||
| 942 | _cBK | ||
| 999 |
_c838 _d838 |
||